000 00922nam a2200277 i 4500
001 35479
003 BD-RjUL
005 20211209052329.0
008 140525s1980 maua b 001 0 eng
035 _a(BD-RjUL)35573
040 _aDLC
_cDLC
_dDLC
_dBD-RjUL
_beng
041 _aeng
082 0 0 _a320.3
_bCOM 1980
245 0 0 _aComparative politics today :
_ba world view /
_cgeneral editors, Gabriel A. Almond, G. Bingham Powell, Jr. ; principal contributors, Gabriel A. Almond ... [et al.].
250 _a2nd ed.
260 _aBoston :
_bLittle, Brown,
_cc1980.
300 _axii, 562 p. :
_bill. ;
_c24 cm.
504 _aBibliography: p. 536-543.
504 _aIncludes index.
650 0 _aComparative government.
_9108010
700 1 _aAlmond, Gabriel A.
_q(Gabriel Abraham),
_d1911-2002.
_911258
700 1 _aPowell, G. Bingham.
_960062
942 _2ddc
_cBK
999 _c35479
_d35479